000 00583nam a2200241 a 4500
001 nice12345678
003 IN_TiNIC
005 20260116011736.0
008 050524s1970 hyda grp 000 0 urd
020 _a
_c1
082 0 0 _a891.45
_bREH
100 _aRehani, Lucknawi
245 _aRaaz-E-Muhabbat
260 _aHyderabad
_bHenry Martyn Institute
_c1970
300 _a112p
500 _aincludes index and biblioraphy
505 2 _aIndex
650 _aReligious Poetry-Christianity
700 1 _aRehani, Lucknawi
902 _bSRS
942 _cBK
999 _c3626
_d3626